| 000 | 00799cam a2200205 4500 | ||
|---|---|---|---|
| 001 | WB364021 | ||
| 008 | 000000n2000 000 0 eng u | ||
| 035 | _a(Sirsi) u108763 | ||
| 245 | _aSmall firms fight shy of the net | ||
| 260 | _c2000 | ||
| 490 |
_aIndependent on Sunday _v8 October 2000, B2(1) |
||
| 520 | _aA survey by the cable company NTL finds that small businesses are reluctant to use the internet. NTL is using the research to launch a new service called "Business Essentials" which will include broadband net access, mobile communications, web hosting and consultancy services for a monthly flat fee. | ||
| 590 | _aWB | ||
| 650 | _aINTERNET | ||
| 650 | _aSMALL BUSINESSES | ||
| 650 | _aNTL | ||
| 650 | _aE-COMMERCE | ||
| 690 | _aINFORMATION TECHNOLOGY-INTERNET | ||
| 942 | _n0 | ||
| 999 |
_c64932 _d64932 |
||